| 000 | 00538nam a22001817a 4500 | ||
|---|---|---|---|
| 005 | 20250523162942.0 | ||
| 010 | _aENG-144995 | ||
| 020 |
_a9789350578001 _c195.00 |
||
| 035 | _aEN-128527 | ||
| 037 | _bDBAD | ||
| 082 | _a616.97 | ||
| 100 |
_aSethi, A K _981394 |
||
| 245 |
_aAllergy Cure: _bThe Natural Way/ _c A K Sethi |
||
| 260 |
_aNew Delhi _bV&S Publishers _c2017 |
||
| 270 |
_aF-2/16, Ansari road, Daryaganj, New Delhi _bNew Delhi _e110002 |
||
| 300 |
_a80p. _bcol.ill _c21cm(pb) |
||
| 942 |
_2ddc _cEN _mSET _h616.97 |
||
| 999 |
_c211416 _d211416 |
||